000 00836nab a2200253 u 4500
001 11866
003 HDC
007 cr bn ---aaaaa
008 210208c mydr|nes 0 a eng d
040 _aHDC
100 _aMahroum, Sami,
_eauthor
_912228
245 0 _aCharlie and the anti-Muslim media factory /
_cSami Mahroum
260 _a[no place] :
_b[publisher not identified],
_c[no year]
336 _atext
_2rdacontent
337 _acomputer
_2rdamedia
338 _aonline resource
_2rdacarrier
650 _aanti-Muslim
_912229
650 _aTerrorism
_94783
710 _aThe Japan Times
856 _zRequest full-text at [email protected]
942 _2lcc
942 _cNEWS
942 _kNWSO 002656
999 _c9189
_d9189